| 000 | 00474nam a22001817a 4500 | ||
|---|---|---|---|
| 003 | NUST - PNEC | ||
| 005 | 20170116181023.0 | ||
| 008 | 150915b xxu||||| |||| 00| 0 eng d | ||
| 020 | _a9814126667 | ||
| 040 | _cLIBRARY | ||
| 082 | _a621.4022 INC | ||
| 100 |
_910740 _a Incropera, Frank P |
||
| 245 |
_aFundamentals of heat and mass transfer _cFrank P Incropera |
||
| 250 | _a5th ed. | ||
| 260 | _cc 2002 | ||
| 650 |
_910545 _aHeat--Transmission _xME |
||
| 942 |
_2ddc _cBK |
||
| 999 |
_c67478 _d67478 |
||